<?xml version="1.0" encoding="UTF-8"?>
<record
    xmlns:xsi="http://www.w3.org/2001/XMLSchema-instance"
    xsi:schemaLocation="http://www.loc.gov/MARC21/slim http://www.loc.gov/standards/marcxml/schema/MARC21slim.xsd"
    xmlns="http://www.loc.gov/MARC21/slim">

  <leader>06059nam a2200313 a 4500</leader>
  <controlfield tag="001">000000408</controlfield>
  <controlfield tag="003">DO-SdBNP</controlfield>
  <controlfield tag="005">20240409073637.0</controlfield>
  <controlfield tag="008">081029s2007    dr ac         000 0 spa d</controlfield>
  <datafield tag="020" ind1=" " ind2=" ">
    <subfield code="a">9789945161137</subfield>
  </datafield>
  <datafield tag="020" ind1=" " ind2=" ">
    <subfield code="z">994516113X</subfield>
  </datafield>
  <datafield tag="040" ind1=" " ind2=" ">
    <subfield code="a">DO-SdBNP</subfield>
    <subfield code="b">spa</subfield>
    <subfield code="c">BNPHU</subfield>
  </datafield>
  <datafield tag="082" ind1=" " ind2=" ">
    <subfield code="a">972.93054</subfield>
    <subfield code="b">R139mo, 2007</subfield>
  </datafield>
  <datafield tag="100" ind1="1" ind2=" ">
    <subfield code="a">Raful, Tony,</subfield>
    <subfield code="d">1951-</subfield>
    <subfield code="9">1377</subfield>
  </datafield>
  <datafield tag="245" ind1="1" ind2="0">
    <subfield code="a">Movimiento 14 de Junio :</subfield>
    <subfield code="b">historia y documentos /</subfield>
    <subfield code="c">Tony Raful.</subfield>
  </datafield>
  <datafield tag="250" ind1=" " ind2=" ">
    <subfield code="a">3a. ed.</subfield>
  </datafield>
  <datafield tag="260" ind1=" " ind2=" ">
    <subfield code="a">Santo Domingo :</subfield>
    <subfield code="b">B&#xFA;ho,</subfield>
    <subfield code="c">2007.</subfield>
  </datafield>
  <datafield tag="300" ind1=" " ind2=" ">
    <subfield code="a">780 p. :</subfield>
    <subfield code="b">il., retrs. ;</subfield>
    <subfield code="c">23 cm.</subfield>
  </datafield>
  <datafield tag="505" ind1="0" ind2=" ">
    <subfield code="t">En el d&#xED;a de reyes del a&#xF1;o de 1959 comienza a gestarse movimiento conspirativo en casa Yuyo D&#x300; Alessandro --</subfield>
    <subfield code="t">El sabotaje impide &#xE9;xito del factor sorpresa y reconocimiento de gobierno en armas --</subfield>
    <subfield code="t">Fidel Castro se iba a unir a los h&#xE9;roes del 14 de Junio. Lucha interna o Trujillo siempre --</subfield>
    <subfield code="t">El ejemplo de junio de 1959 despert&#xF3; conciencias --</subfield>
    <subfield code="t">La peque&#xF1;a llama de Salcedo enciende la pradera. Habla el Ing. Francisco Gonz&#xE1;lez Pachico --</subfield>
    <subfield code="t">"El complot develado" redactado en una silla el&#xE9;ctrica --</subfield>
    <subfield code="t">Radio Caribe truena en medio de negros nubarrones --</subfield>
    <subfield code="t">Ramfis Trujillo llama "se&#xF1;oritos de alta suciedad" a los j&#xF3;venes del Movimiento 14 de Junio --</subfield>
    <subfield code="t">Marcos P&#xE9;rez Collado entrega documento clave a la embajada norteamericana y se asila --</subfield>
    <subfield code="t">Minerva, Patria y Mar&#xED;a Teresa Mirabal. "Cayeron para volverse eternas" --</subfield>
    <subfield code="t">La comedia del MPD temina en masacre. La c&#xE1;rcel hace hermanos catorcistas y emepede&#xED;stas --</subfield>
    <subfield code="t">Etapa legal del 1J4. Eligen a Manolo presidente --</subfield>
    <subfield code="t">14 de Junio env&#xED;a miembros a estudiar a Costa Rica --</subfield>
    <subfield code="t">Muchachada proclama territorio libre. Calle Espaillat 20 de octubre de 1961 --</subfield>
    <subfield code="t">Manolo y Viriato van a Washington, regresan en medio de una apoteosis popular. 14 de Junio pide gobierno de unidad nacional --</subfield>
    <subfield code="t">Renuncian los "c&#xED;vicos" de 1J4. 14 de Junio explica salida de directivos --</subfield>
    <subfield code="t">&#xBF;Qui&#xE9;nes y por qu&#xE9; matan a Johnny Abbes Garc&#xED;a, el verdugo del Movimiento clandestino 14 de Junio? --</subfield>
    <subfield code="t">Relato conmovedor de hermana de un desaparecido --</subfield>
    <subfield code="t">14 de junio de 1962, Manolo proclama: iremos a las escarpadas monta&#xF1;as de Quisqueya --</subfield>
    <subfield code="t">Juicio a los asesinos de las Mirabal --</subfield>
    <subfield code="t">Ley de emergencia. Consejo deporta catorcistas Vinicio Echavarr&#xED;a, Frank Carvajal, Juan Miguel Rom&#xE1;n. Buscan a Leandro Guzm&#xE1;n, M&#xE1;ximo Bernard --</subfield>
    <subfield code="t">Delio G&#xF3;mez pidi&#xF3; permiso para venir a pelear en 1965 --</subfield>
    <subfield code="t">Se divide 14 de Junio, fundan partido, Manolo responde.</subfield>
  </datafield>
  <datafield tag="505" ind1="0" ind2=" ">
    <subfield code="t">A la Plaza Valerio, Manolo asiste vestido de verde olivo --</subfield>
    <subfield code="t">Catorcistas dan la victoria a Juan Bosch. Votos verdes y negros se depositan a favor del PRD --</subfield>
    <subfield code="t">Misterioso organismo dirige 1J4 --</subfield>
    <subfield code="t">14 de Junio de 1963 Manolo dice que est&#xE1; dispuesto a morir en la cruz del sacrificio --</subfield>
    <subfield code="t">El 16 de julio de 1963 Manolo llama al presidente Bosch para felicitarlo; s&#xF3;lo puede hablar con Jacobo Majluta. Bosch le dice al Dr. Cordero Michel: el golpe ser&#xE1; contra ustedes --</subfield>
    <subfield code="t">Tragedia nacional, golpe de Estado 25 de septiembre. Manolo intercepta conversaci&#xF3;n telef&#xF3;nica Bosch --</subfield>
    <subfield code="t">Congreso Nacional clandestino proclama presidente al doctor Juan Casasnova Garrido; 14 de Junio apoya decisi&#xF3;n --</subfield>
    <subfield code="t">Pausa. Acotaciones a Melvin Ma&#xF1;&#xF3;n a prop&#xF3;sito de los h&#xE9;roes. Cita poeta nacional Pedro Mir --</subfield>
    <subfield code="t">Estudiantes emplazan a Viriato Fiallo --</subfield>
    <subfield code="t">Inician preparativos insurrecci&#xF3;n noviembre --</subfield>
    <subfield code="t">Capit&#xE1;n del Ej&#xE9;rcito Nacional se re&#xFA;ne con Manolo. Promete apoyo a guerrillas --</subfield>
    <subfield code="t">Primer teniente piloto Hugo Rom&#xE1;n Peralta declara: me niego a bombardear a mis hermanos del 1J4 --</subfield>
    <subfield code="t">Dispersan a tiros frente Gregorio Luper&#xF3;n. Capturan a Juan Miguel Rom&#xE1;n --</subfield>
    <subfield code="t">Domingo 15 de diciembre, desgracia en lomas de Miches, Luis Genao Espaillat responde a sus cr&#xED;ticos y revela su amor por el 14 de Junio --</subfield>
    <subfield code="t">El eslab&#xF3;n perdido, al fin, encontrado. Triunvirato enga&#xF1;a al presidente Johnson, obtiene reconocimiento y ordena muerte de Manolo --</subfield>
    <subfield code="t">Se desploma frente urbano. Fidelio convence a Manolo y marcha a una misi&#xF3;n de contacto --</subfield>
    <subfield code="t">C&#xF3;mo muri&#xF3; Manolo? --</subfield>
    <subfield code="t">Coronel Valdez Hilario dice: no quiero que la sangre de esos muchachos me salpique mi uniforme". Informe del doctor Espaillat Cabral --</subfield>
    <subfield code="t">Responsabilidades en la tragedia de las Manaclas --</subfield>
    <subfield code="t">14 de Junio entierra a sus muertos. Emma Tavarez Justo le pide una nueva cita a la historia --</subfield>
    <subfield code="t">Entrevista al general Ramiro Matos.</subfield>
  </datafield>
  <datafield tag="505" ind1="0" ind2=" ">
    <subfield code="t">Ing. Leandro Guzm&#xE1;n explica razones por las cuales fracas&#xF3; insurrecci&#xF3;n --</subfield>
    <subfield code="t">El doctor Juan B. Mej&#xED;a acusa a la infraestructura del fracaso guerrillero y de practicar el oportunismo de izquierda --</subfield>
    <subfield code="t">Presa en San Crist&#xF3;bal, Picky Lora habl&#xF3; con capit&#xE1;n Calder&#xF3;n --</subfield>
    <subfield code="t">Supuesta carta de revolucionaria venezolana residente en Cuba, acusa a Fafa Taveras de seducci&#xF3;n y enga&#xF1;o, pide castigo revolucionario --</subfield>
    <subfield code="t">Sensacionales revelaciones de Mario Fern&#xE1;ndez Mu&#xF1;oz: Wessin hizo proposiciones al 14 de Junio; confirman reuni&#xF3;n del capit&#xE1;n Calder&#xF3;n con Manolo en iglesia de Constanza --</subfield>
    <subfield code="t">Oscar Santana dirige sector 1J4 en conspiraci&#xF3;n del 24 de abril --</subfield>
    <subfield code="t">Hieren comandante Pedro Bonilla (1J4) en combate 15 de junio; se cubre de gloria Norge Botello (1J4) peleando cuerpo a cuerpo con soldados invasores en patios y callejones de Villa Francisca --</subfield>
    <subfield code="t">Asesinan a comandante Oscar Santana, el 1J4 pierde a uno de sus m&#xE1;s puros dirigentes --</subfield>
    <subfield code="t">H&#xE9;ctor Aristy profetiza en 1965 que detr&#xE1;s de Garc&#xED;a Godoy viene al poder Joaqu&#xED;n Balaguer; 14 de junio no acepta f&#xF3;rmula Garc&#xED;a Godoy --</subfield>
    <subfield code="t">14 de Junio aprueba en 1966 autocr&#xED;tica severa sobre la insurrecci&#xF3;n guerrillera --</subfield>
    <subfield code="t">20 conclusiones definitivas y una esperanza latente: la figura de Manolo crecer&#xE1; con el tiempo --</subfield>
    <subfield code="t">Anexos --</subfield>
    <subfield code="t">Citas --</subfield>
    <subfield code="t">Bibliograf&#xED;a --</subfield>
    <subfield code="t">&#xCD;ndice onom&#xE1;stico.</subfield>
  </datafield>
  <datafield tag="590" ind1=" " ind2=" ">
    <subfield code="a">Inventariado, 2019/MFF</subfield>
  </datafield>
  <datafield tag="610" ind1="2" ind2="4">
    <subfield code="a">Movimiento Revolucionario 14 de Junio (Rep&#xFA;blica Dominicana)</subfield>
    <subfield code="9">1373</subfield>
  </datafield>
  <datafield tag="650" ind1="1" ind2="4">
    <subfield code="a">Actividades clandestinas</subfield>
    <subfield code="9">1375</subfield>
  </datafield>
  <datafield tag="650" ind1="1" ind2="4">
    <subfield code="a">Movimientos revolucionarios</subfield>
    <subfield code="9">1376</subfield>
  </datafield>
  <datafield tag="651" ind1="1" ind2="4">
    <subfield code="a">Rep&#xFA;blica Dominicana</subfield>
    <subfield code="x">Pol&#xED;tica y gobierno</subfield>
    <subfield code="y">Era de Trujillo, 1930-1961</subfield>
    <subfield code="9">1374</subfield>
  </datafield>
  <datafield tag="910" ind1=" " ind2=" ">
    <subfield code="a">Validado. Control de calidad MMOLINA</subfield>
  </datafield>
  <datafield tag="942" ind1=" " ind2=" ">
    <subfield code="2">ddc</subfield>
    <subfield code="c">LBS1</subfield>
  </datafield>
  <datafield tag="952" ind1=" " ind2=" ">
    <subfield code="0">0</subfield>
    <subfield code="1">0</subfield>
    <subfield code="2">ddc</subfield>
    <subfield code="5">1</subfield>
    <subfield code="7">0</subfield>
    <subfield code="8">PD</subfield>
    <subfield code="a">BNPHU</subfield>
    <subfield code="b">BNPHU</subfield>
    <subfield code="c">HD</subfield>
    <subfield code="d">2009-07-25</subfield>
    <subfield code="l">0</subfield>
    <subfield code="o">BNPHU PD 972.93054 R139m 2007</subfield>
    <subfield code="p">408-10</subfield>
    <subfield code="r">2020-06-25</subfield>
    <subfield code="w">2020-06-25</subfield>
    <subfield code="y">LBS1</subfield>
    <subfield code="Z">No se presta</subfield>
  </datafield>
  <datafield tag="952" ind1=" " ind2=" ">
    <subfield code="0">0</subfield>
    <subfield code="1">0</subfield>
    <subfield code="2">ddc</subfield>
    <subfield code="5">1</subfield>
    <subfield code="7">0</subfield>
    <subfield code="8">PD</subfield>
    <subfield code="a">BNPHU</subfield>
    <subfield code="b">BNPHU</subfield>
    <subfield code="c">HD</subfield>
    <subfield code="d">2010-12-06</subfield>
    <subfield code="l">0</subfield>
    <subfield code="o">BNPHU PD 972.93054 R139m, 2007</subfield>
    <subfield code="p">408-20</subfield>
    <subfield code="r">2020-06-25</subfield>
    <subfield code="t">e.2</subfield>
    <subfield code="w">2020-06-25</subfield>
    <subfield code="y">LBS1</subfield>
    <subfield code="Z">No se presta</subfield>
  </datafield>
  <datafield tag="999" ind1=" " ind2=" ">
    <subfield code="c">406</subfield>
    <subfield code="d">406</subfield>
  </datafield>
</record>
